Try To Not Say The Same Thing As Me (Hard) - Statistics

General Stats
  • This quiz has been taken 52 times
  • The average score is 6 of 11
Answer Stats
Hint Answer % Correct
A Country in South America Colombia / Venezuela / Brazil / Guyana / Suriname / Ecuador / Peru / Bolivia / Paraguay / Uruguay / Argentina
98%
A Number Between 1-10 1 / 2 / 4 / 5 / 6 / 7 / 8 / 9 / 10
88%
A Gregorian Calendar Month January / February / March / April / June / July / August / September / October / Novermber / December
85%
A Country Starting With The Letter G Gabon / Gambia / Georgia / Ghana / Greece / Grenada / Guatemala / Guinea / Guinea-Bissau / Guyana
83%
Planet in the Solar System Mercury / Venus / Earth / Jupiter / Saturn / Uranus / Neptune
78%
A Continent North America / South America / Europe / Asia / Africa / Oceania
60%
A Color of the Rainbow Red / Orange / Yellow / Green / Blue / Indigo
45%
Day of The Week (No Weekend) Monday / Wednesday / Thursday / Friday
40%
One of the 7 World Wonders The Colosseum / Great Wall of China / Christ The Redeemer / Taj Mahal / Chichén Itzá / Petra
40%
One of the Three "Alvin and The Chipmunks" Chipmunks. Simon / Alvin
18%
Heads or Tail? Tail
15%
No matching quizzes found
Score Distribution
Percent of People with Each Score
Percentile by Number Answered
Your Score History
You have not taken this quiz